00266nam a22001217a 4500003000400000020001800004082001600022100001700038245003900055250000600094260003600100300000800136SGT a9789393324030 a345.05bJAI aJAIN ASHOK K aCRIMINAL LAW IbINDIAN PENALCODE I a7 aDELHIbASCENT PUBLICATIONc2024 a581